Високи скорости (Запис номер 88358)
[ съкратено ]
| 000 -Лидер | |
|---|---|
| Контролно поле с фиксирана дължина | 01501nam a2200397 c 4500 |
| 003 - Код на организацията, давaща контролен номер | |
| Контролно поле | BLK |
| 005 - Дата и час на последна редакция | |
| Контролно поле | 20241109134606.0 |
| 008 - Елементи от данни с фиксирана дължина | |
| fixed length control field | 180408b bul|||||r ||||||| ||bul|| |
| 010 ## - Наследен системен номер | |
| LC control number | KNG00093020000 |
| 020 ## - Международен стандартен номер на книга ISBN | |
| Международен стандартен номер на книга ISBN | 9789547335707 |
| 040 ## - Източник на каталожния запис | |
| Идентификатор на билиотеката - собственик на записа | BLK |
| 041 ## - Код за език | |
| Код за езика на текст/звукозапис или на отделно заглавие | Български |
| Код за езика КДБФ | Български |
| 080 ## - УДК | |
| Текстов определител УДК | Техника на транспортните средства |
| УДК код - определител по УДК | 629 |
| УДК - код + определител | 629 |
| 100 1# - Редна дума - Автор | |
| Автор | Харисън, Пол |
| Авторска отговорност | първи автор |
| R(LIN) | 303134 |
| 139 ## - Редно поле | |
| Редна дума | Харисън, Пол |
| Авторски знак | Хари - Х 27 |
| 245 10 - Сведения за заглавието | |
| Заглавие | Високи скорости |
| Редно поле (дума) | Пол Харисън; прев. от англ. Константин,Цанков. |
| 257 ## - Страна на издаване | |
| Страна на създаване/издаване | Великобритания |
| 260 ## - Област на издателските данни | |
| Име на издателя, разпространителя и проч. | Прозорец |
| Година на издаване | 2008 |
| Печатница | отпеч. в Китай |
| Място на издаване, разпространение и проч. | София |
| 300 ## - Физическа характеристика | |
| Страници | 16 с. |
| Илюстрации и др. | с цв. ил. |
| Размери/Мащаб | 28 см |
| Съпровождащи материали | 1 чифт 3D очила |
| 380 ## - Жанр | |
| Жанр | Детска отраслова лит. |
| 490 1# - СЕРИИ (Колекции) | |
| Име на серия | 3-D приключения! |
| 500 ## - Общи забележки | |
| Забележка | Без сведение за ориг. загл. - Авт. не е отбелязан на кор. - Офс. изд. |
| 650 #4 - Допълнително описание по предмет – тема | |
| Основно описание – тема или топоним | Транспорт |
| 9 (RLIN) | 173907 |
| 653 ## - Ключова дума – ненормативна | |
| Ключова дума | транспорт |
| 653 ## - Ключова дума – ненормативна | |
| Ключова дума | скорост |
| 653 ## - Ключова дума – ненормативна | |
| Ключова дума | литература за деца |
| 653 ## - Ключова дума – ненормативна | |
| Ключова дума | детска литература |
| 700 1# - Други автори (авторска отговорност) | |
| Лично име | Цанков, Константин Николаев |
| Автороска отговорност (Описва отношението между автора и произведението) | прев. от англ. |
| 9 (RLIN) | 372242 |
| 852 ## - Местоположение | |
| Форматна сигнатура | Цб ІІ 15922 |
| 856 4# - Електронен адрес и достъп | |
| Електронен формат | pdf - файл |
| 856 4# - Електронен адрес и достъп | |
| Електронен формат | pdf - файл |
| 999 ## - СИСТЕМНИ КОНТРОЛНИ НОМЕРА | |
| Koha biblionumber | 88358 |
| Koha biblioitemnumber | 88358 |
| 942 ## - АРТИКУЛИ | |
| Вид на библиотечния материал | Книги |
| Скрит в OPAC | Не |
| Koha issues (borrowed), all copies | 38 |
| Периодичен библиозапис | Да |
| 944 ## - СЪЗДАВАНЕ И РЕДАКЦИЯ на ЗАПИСА | |
| Създаване/Редакция | Създаване |
| Дата на регистрацията/редакция | 14.12.2009 |
| Статус, дата на статуса | Радостина Карадакова |
| Служител, извършил регистрацията/редакцията | 30534 |
| 944 ## - СЪЗДАВАНЕ И РЕДАКЦИЯ на ЗАПИСА | |
| Създаване/Редакция | Редакция |
| Дата на регистрацията/редакция | 01.12.2010 |
| Статус, дата на статуса | ф / |
| 999 ## - СИСТЕМНИ КОНТРОЛНИ НОМЕРА | |
| Koha biblioitemnumber | 88358 |
| Код за отписване | Код за изгубен артикул | Код за повреда | Коз за рестрикции | Код за отдаване | Артикулен № | Име на библиотеката - собственик | Име на библиотеката, в която се намира в момента | Статус (Текущо местоположение) | Дата на вписване в системата | Местоположение - отдел | Цена в лева | Инвентарен номер | Систематично азбучна сигнатура | Баркод | Номер на екземпляра | Цена в евро | Служебна бележка | Служебен тип на артикула | Източник на класификационната схема |
|---|---|---|---|---|---|---|---|---|---|---|---|---|---|---|---|---|---|---|---|
| Не е изгубен | Не е повреден | без рестрикции | заемане за дома | 143241 | Регионална библиотека "Любен Каравелов" Русе | Регионална библиотека "Любен Каравелов" Русе | Детски отдел | 2009-12-14 | Детски отдел | 7.57 | 120000740385 | ДН 629/Х 27 | 120000740385 | 1 | 3.87 | Дост: Pk Вид: Ф N: 893 Дата: 11.12.2009 Дата инв: 20.08.2015 Бележки инв: Д2015 | Книги | ||
| Не е изгубен | Не е повреден | без рестрикции | ползва се в читалня | 143242 | Регионална библиотека "Любен Каравелов" Русе | Регионална библиотека "Любен Каравелов" Русе | Хранилище | 2010-10-18 | Хранилище | 7.57 | 120000746567 | Цб ІІ 15922 | 120000746567 | 2 | 3.87 | Дост: Dp Вид: Д N: 6 Дата: 27.01.2010 | Книги | ||
| Не е изгубен | Не е повреден | без рестрикции | заемане за дома | 799812 | Регионална библиотека "Любен Каравелов" Русе | Регионална библиотека "Любен Каравелов" Русе | Детски отдел | 2020-09-18 | Детски отдел | 6.23 | ДН 629/Х 27 | 120000847220 | 3.19 | Книги | Universal Decimal Classification | ||||
| Не е изгубен | Не е повреден | без рестрикции | заемане за дома | 799813 | Регионална библиотека "Любен Каравелов" Русе | Регионална библиотека "Любен Каравелов" Русе | Детски отдел | 2020-09-18 | Детски отдел | 6.23 | ДН 629/Х 27 | 120000847221 | 3.19 | Книги | Universal Decimal Classification | ||||
| Не е изгубен | Не е повреден | без рестрикции | заемане за дома | 799814 | Регионална библиотека "Любен Каравелов" Русе | Регионална библиотека "Любен Каравелов" Русе | Детски отдел | 2020-09-18 | Детски отдел | 6.23 | ДН 629/Х 27 | 120000847217 | 3.19 | Книги | Universal Decimal Classification | ||||
| Не е изгубен | Не е повреден | без рестрикции | заемане за дома | 799815 | Регионална библиотека "Любен Каравелов" Русе | Регионална библиотека "Любен Каравелов" Русе | Детски отдел | 2020-09-18 | Детски отдел | 6.23 | ДН 629/Х 27 | 120000847218 | 3.19 | Книги | Universal Decimal Classification | ||||
| Не е изгубен | Не е повреден | без рестрикции | заемане за дома | 799816 | Регионална библиотека "Любен Каравелов" Русе | Регионална библиотека "Любен Каравелов" Русе | Детски отдел | 2020-09-18 | Детски отдел | 6.23 | ДН 629/Х 27 | 120000847219 | 3.19 | Книги | Universal Decimal Classification |